Direct transfers between the former Soviet Union central budget and the republics past evidence and current implications

Gespeichert in:
Bibliographische Detailangaben
1. Verfasser: Orlowski, Lucjan T.
Format: Buch
Sprache:Englisch
Veröffentlicht: Kiel Institut für Weltwirtschaft 1992
Schriftenreihe:Kiel working papers no. 543
Schlagworte:
Tags: Tag hinzufügen
Keine Tags, Fügen Sie das erste Tag hinzu!

MARC

LEADER 00000nam a2200000 4500
001 c100533
005 20221123101602.3
022 |a 0342-0787 
041 0 |a eng 
044 |a DE 
245 1 0 |a Direct transfers between the former Soviet Union central budget and the republics  |b past evidence and current implications  |c by Lucjan T. Orlowski 
264 1 |a Kiel  |b Institut für Weltwirtschaft  |c 1992 
300 |a 22 s. 
490 1 |a Kiel working papers  |v no. 543 
830 0 |a Kiel working papers  |v no. 543 
610 2 0 |a rozpočty 
610 2 0 |a rozpočet štátny 
610 2 0 |a vzťahy peňažné 
610 2 0 |a prerozdeľovanie zdrojov finančných 
610 2 0 |a financie 
610 2 0 |a politika fiškálna 
610 2 0 |a údaje štatistické 
610 2 0 |a politika finančná 
610 2 0 |a porovnanie štatistické medzinárodné 
610 2 0 |a kooperácia 
610 2 0 |a systémy ekonomické 
610 2 0 |a transformácia 
610 2 0 |a Spoločenstvo nezávislých štátov 
610 2 0 |a ZSSR 
100 1 |a Orlowski, Lucjan T.